MARC

Tag First Indicator Second Indicator Subfields
LEADER 00000cam a2200000 i 4500
001 in00004399708
005 20210123202105.0
006 m fo d f
007 cr bn nnnauuuu
008 190926s1983 dcua o f000 0 eng d
035 |a ccn00894883 
040 |a NjRocCCS  |b eng  |e rda  |c NjRocCCS 
043 |a n-us--- 
050 4 |a Z663.6  |b .B533 1983 
100 1 |a Bailey, Dorothy J.,  |e author. 
245 1 0 |a Black and Hispanic federal judges :  |b 1900 to present /  |c Dorothy J. Bailey. 
264 1 |a [Washington, District of Columbia] :  |b Library of Congress, Congressional Research Service, Major Issues System,  |c [1983] 
264 2 |a [Getzville, New York] :  |b William S. Hein and Company,  |c [2018] 
300 |a 1 online resource (8 pages) :  |b illustrations. 
336 |a text  |b txt  |2 rdacontent 
337 |a computer  |b c  |2 rdamedia 
338 |a online resource  |b cr  |2 rdacarrier 
490 1 |a Mini brief ;  |v number MB81239 
490 1 |a HeinOnline U.S. Congressional documents 
490 1 |a HeinOnline Congress and the courts 
490 1 |a HeinOnline civil rights and social justice 
588 |a Description based on PDF caption title, viewed September 26, 2019. 
500 |a "Date originated 06/02/81, date updated 08/09/83." 
650 0 |a African American judges. 
650 0 |a Hispanic American judges  |z United States. 
655 7 |a Electronic books.  |2 local 
655 7 |a Legislative materials.  |2 lcgft 
710 2 |a Library of Congress.  |b Major Issues System,  |e issuing body. 
830 0 |a CRS mini brief ;  |v no. MB81239. 
830 0 |a U.S. Congressional documents. 
830 0 |a Congress and the courts. 
830 0 |a Civil rights and social justice. 
856 4 0 |u http://proxy.library.tamu.edu/login?url=https://www.heinonline.org/HOL/Page?handle=hein.crs/crsuntaacht0001&id=1&size=2&collection=civil&index=civil  |z Connect to the full text of this electronic book  |t 0 
949 |a Z 663.6 .B533 1983  |w LC  |c 1  |i 894883-1001  |d 9/14/2020  |l MAIN  |m HEN  |q 4  |r Y  |s Y  |t WEB  |u 9/26/2019  |x ENG  |z N-US 
999 f f |s 049463b0-eaf6-3e6a-97ce-64fedf9c71c6  |i 7843cfc1-4c52-3927-ba62-e03f093ca679  |t 0 
952 f f |a Texas A&M University  |b College Station  |c Electronic Resources  |d Available Online  |t 0  |e Z663.6 .B533 1983  |h Library of Congress classification 
998 f f |a Z663.6 .B533 1983  |t 0  |l Available Online